[Event "Tradewise Gibraltar Masters 16th"]
[Site "Gibraltar"]
[Date "2018.01.24"]
[Round "2.6"]
[White "Duda, Jan-Krzysztof"]
[Black "Christiansen, Johan-Sebastian"]
[Result "1-0"]
[WhiteElo "2724"]
[BlackElo "2492"]
[PlyCount "41"]
[EventDate "2018.01.23"]
[EventType "swiss"]
[EventRounds "10"]
[EventCountry "GGB"]
[SourceTitle "BritBase"]
[Source "www.saund.co.uk"]
[SourceDate "2018.02.10"]
[SourceVersion "1"]
[SourceVersionDate "2018.02.10"]
[SourceQuality "1"]

1. c4 c5 2. Nf3 Nc6 3. Nc3 g6 4. g3 Bg7 5. Bg2 e6 6. d3 Nge7 7. Bd2 O-O 8. h4
h6 9. Qc1 Kh7 10. Ne4 Qb6 11. Bc3 e5 12. h5 Nd4 13. hxg6+ Nxg6 14. Nxd4 exd4
15. Bd2 Ne5 16. Bxh6 Bxh6 17. Qg5 f5 18. Qe7+ Kg8 19. Nd6 Rf7 20. Qxe5 Bd2+ 21.
Kf1 1-0

[Event "Tradewise Gibraltar Masters 16th"]
[Site "Gibraltar"]
[Date "2018.01.24"]
[Round "2.9"]
[White "Khotenashvili, Bela"]
[Black "Rapport, Richard"]
[Result "0-1"]
[WhiteElo "2486"]
[BlackElo "2700"]
[PlyCount "86"]
[EventDate "2018.01.23"]
[EventType "swiss"]
[EventRounds "10"]
[EventCountry "GGB"]
[SourceTitle "BritBase"]
[Source "www.saund.co.uk"]
[SourceDate "2018.02.10"]
[SourceVersion "1"]
[SourceVersionDate "2018.02.10"]
[SourceQuality "1"]

1. d4 Nf6 2. c4 e6 3. g3 Bb4+ 4. Bd2 Be7 5. Bg2 d5 6. Nf3 Ne4 7. Nc3 c6 8. O-O
f5 9. e3 Nd7 10. Qc2 O-O 11. Rab1 Qe8 12. b4 Nd6 13. cxd5 cxd5 14. a4 Kh8 15.
Rfc1 Nb6 16. Ne5 Bd7 17. b5 a5 18. Ne2 Ndc4 19. Nxc4 Nxc4 20. Qa2 Rc8 21. Nf4
b6 22. Nd3 Bd6 23. Rc2 Qh5 24. Rbc1 g5 25. Ne5 Bxe5 26. dxe5 Be8 27. Qa1 f4 28.
exf4 Bg6 29. Rc3 Rcd8 30. Be1 gxf4 31. Rb3 Ne3 32. Rxe3 fxe3 33. Qd4 exf2+ 34.
Bxf2 Be4 35. Rc6 Rf3 36. Rxe6 Rd3 37. Qxb6 Rd1+ 38. Bf1 Rg8 39. Re7 Rxf1+ 40.
Kxf1 Qd1+ 41. Be1 Rf8+ 42. Qf6+ Rxf6+ 43. exf6 Qd3+ 0-1

[Event "Tradewise Gibraltar Masters 16th"]
[Site "Gibraltar"]
[Date "2018.01.24"]
[Round "2.10"]
[White "Xu, Yi"]
[Black "Gelfand, Boris"]
[Result "1/2-1/2"]
[WhiteElo "2482"]
[BlackElo "2697"]
[PlyCount "61"]
[EventDate "2018.01.23"]
[EventType "swiss"]
[EventRounds "10"]
[EventCountry "GGB"]
[SourceTitle "BritBase"]
[Source "www.saund.co.uk"]
[SourceDate "2018.02.10"]
[SourceVersion "1"]
[SourceVersionDate "2018.02.10"]
[SourceQuality "1"]

1. e4 c5 2. Nf3 Nc6 3. Bb5 e6 4. Bxc6 bxc6 5. d3 Ne7 6. h4 h5 7. Qe2 f6 8. e5
fxe5 9. Nxe5 d6 10. Nc4 Nf5 11. Bg5 Be7 12. Bxe7 Qxe7 13. c3 e5 14. Nbd2 Be6
15. O-O-O O-O-O 16. Ne4 Kb8 17. g3 Ka8 18. Ng5 Bd5 19. Rhe1 Qb7 20. Kb1 Qa6 21.
b3 Rb8 22. Qb2 Rhd8 23. Kc1 Bg8 24. Qc2 Nh6 25. Qe2 Ng4 26. Rd2 Rxb3 27. axb3
Qa1+ 28. Kc2 Qa2+ 29. Kc1 Qa1+ 30. Kc2 Qa2+ 31. Kc1 1/2-1/2

[Event "Tradewise Gibraltar Masters 16th"]
[Site "Gibraltar"]
[Date "2018.01.24"]
[Round "2.11"]
[White "Zanan, Evgeny"]
[Black "Howell, David W L"]
[Result "0-1"]
[WhiteElo "2482"]
[BlackElo "2682"]
[PlyCount "124"]
[EventDate "2018.01.23"]
[EventType "swiss"]
[EventRounds "10"]
[EventCountry "GGB"]
[SourceTitle "BritBase"]
[Source "www.saund.co.uk"]
[SourceDate "2018.02.10"]
[SourceVersion "1"]
[SourceVersionDate "2018.02.10"]
[SourceQuality "1"]

1. d4 Nf6 2. c4 e6 3. Nc3 Bb4 4. e3 O-O 5. Nge2 d5 6. a3 Be7 7. cxd5 exd5 8.
Nf4 c6 9. Bd3 a5 10. O-O Na6 11. f3 Nc7 12. Bc2 c5 13. dxc5 Bxc5 14. Kh1 Ra6
15. Rb1 d4 16. exd4 Bxd4 17. Nfe2 Ba7 18. Qxd8 Rxd8 19. Bf4 Ncd5 20. Nxd5 Nxd5
21. Rbd1 Bb6 22. Bg5 f6 23. Bc1 Be6 24. Bb3 Raa8 25. Nc3 Nc7 26. Rxd8+ Rxd8 27.
Bxe6+ Nxe6 28. g3 Kf7 29. Kg2 Bd4 30. Nb5 Bb6 31. Nc3 f5 32. Rd1 Rxd1 33. Nxd1
Bd4 34. Ne3 Bxe3 35. Bxe3 a4 36. Kf1 Kf6 37. f4 Ke7 38. Ke2 Kd6 39. Kd3 Kd5 40.
Bf2 h5 41. Ba7 h4 42. Ke3 hxg3 43. hxg3 Kc4 44. Bb8 g6 45. Be5 Nc5 46. Bg7 Nd7
47. Bd4 b5 48. Bg7 Nb6 49. Bh8 Kb3 50. Kd2 Nc4+ 51. Kc1 Nd6 52. Bf6 Ne4 53. Bh4
Nf2 54. Kb1 Ne4 55. Kc1 Kc4 56. Kc2 Kd4 57. b3 Ke3 58. bxa4 bxa4 59. Bd8 Kd4
60. Be7 Nxg3 61. Bd6 Ke3 62. Bc7 Ne2 0-1

[Event "Tradewise Gibraltar Masters 16th"]
[Site "Gibraltar"]
[Date "2018.01.24"]
[Round "2.12"]
[White "Kobo, Ori"]
[Black "Motylev, Alexander"]
[Result "1/2-1/2"]
[WhiteElo "2477"]
[BlackElo "2673"]
[PlyCount "112"]
[EventDate "2018.01.23"]
[EventType "swiss"]
[EventRounds "10"]
[EventCountry "GGB"]
[SourceTitle "BritBase"]
[Source "www.saund.co.uk"]
[SourceDate "2018.02.10"]
[SourceVersion "1"]
[SourceVersionDate "2018.02.10"]
[SourceQuality "1"]

1. Nf3 d5 2. g3 g6 3. Bg2 Bg7 4. d4 Nf6 5. O-O O-O 6. c4 c6 7. Ne5 Be6 8. cxd5
Bxd5 9. Nc3 Bxg2 10. Kxg2 Nd5 11. Qb3 Nxc3 12. bxc3 Qd5+ 13. Nf3 Qxb3 14. axb3
Nd7 15. Ra5 c5 16. Bg5 e6 17. Be3 Rfc8 18. c4 cxd4 19. Bxd4 Bxd4 20. Nxd4 a6
21. Rd1 Rd8 22. Raa1 Rac8 23. Rac1 Kf8 24. b4 Ne5 25. c5 Ke7 26. f4 Ng4 27. Rd3
e5 28. fxe5 Nxe5 29. Rdd1 Kf8 30. h3 h5 31. Kf2 Kg7 32. Rb1 Kf8 33. Nf3 Nc6 34.
Rxd8+ Rxd8 35. b5 axb5 36. Rxb5 Rd7 37. g4 hxg4 38. hxg4 Ke7 39. e4 Nd8 40. Ne5
Rc7 41. Ke3 Ne6 42. Nd3 Kf8 43. Ra5 Kg7 44. Rb5 Kh6 45. Ne5 Kh7 46. Nd3 Kg7 47.
Ra5 Rc8 48. Rb5 Rc7 49. Ra5 Kh7 50. Rb5 Kh6 51. Ne5 Kg7 52. Nd3 g5 53. Ra5 Rc8
54. Rb5 Rc7 55. Ra5 Rc8 56. Rb5 Rc7 1/2-1/2

[Event "Tradewise Gibraltar Masters 16th"]
[Site "Gibraltar"]
[Date "2018.01.24"]
[Round "2.13"]
[White "Salomon, Johan"]
[Black "Anton Guijarro, David"]
[Result "1-0"]
[WhiteElo "2476"]
[BlackElo "2666"]
[PlyCount "89"]
[EventDate "2018.01.23"]
[EventType "swiss"]
[EventRounds "10"]
[EventCountry "GGB"]
[SourceTitle "BritBase"]
[Source "www.saund.co.uk"]
[SourceDate "2018.02.10"]
[SourceVersion "1"]
[SourceVersionDate "2018.02.10"]
[SourceQuality "1"]

1. e4 e5 2. Nf3 Nc6 3. Bc4 Bc5 4. O-O Nf6 5. d3 h6 6. c3 d6 7. Re1 a5 8. Nbd2
O-O 9. h3 a4 10. Bb5 Bd7 11. Nf1 Ne7 12. Bxd7 Qxd7 13. d4 exd4 14. cxd4 Bb6 15.
Ng3 Rfe8 16. Bd2 Ng6 17. Qc2 d5 18. e5 Nh7 19. Rad1 Re6 20. Qf5 Qb5 21. Bc1 Ne7
22. Qg4 Ba5 23. Rf1 Rg6 24. Qh5 Rc6 25. Nh4 Bb6 26. Qg4 Kh8 27. Qd7 Ng6 28.
Nhf5 Rf8 29. Nh5 Rc5 30. Qxb5 Rxb5 31. Nhxg7 f6 32. e6 Ne7 33. Bxh6 Nxf5 34.
Nxf5 Re8 35. Rfe1 Rxb2 36. e7 Kg8 37. Ng7 Kf7 38. Nxe8 Kxe8 39. Rd3 Ba5 40. Re6
Rb1+ 41. Kh2 Re1 42. Rxe1 Bxe1 43. Rg3 Ng5 44. Bxg5 fxg5 45. Rxg5 1-0

[Event "Tradewise Gibraltar Masters 16th"]
[Site "Gibraltar"]
[Date "2018.01.24"]
[Round "2.14"]
[White "Studer, Noel"]
[Black "Grandelius, Nils"]
[Result "0-1"]
[WhiteElo "2476"]
[BlackElo "2647"]
[PlyCount "112"]
[EventDate "2018.01.23"]
[EventType "swiss"]
[EventRounds "10"]
[EventCountry "GGB"]
[SourceTitle "BritBase"]
[Source "www.saund.co.uk"]
[SourceDate "2018.02.10"]
[SourceVersion "1"]
[SourceVersionDate "2018.02.10"]
[SourceQuality "1"]

1. d4 d5 2. c4 e6 3. Nf3 Nf6 4. g3 Bb4+ 5. Bd2 Bd6 6. Nc3 O-O 7. Bg5 Be7 8. Bg2
Nbd7 9. Qd3 h6 10. Bf4 c6 11. O-O b6 12. cxd5 cxd5 13. Nb5 Ne8 14. Rfc1 Bb7 15.
Nc7 Rc8 16. Nxe8 Rxe8 17. Rxc8 Qxc8 18. Rc1 Qa8 19. Rc7 Nb8 20. Ne5 Na6 21. Rc3
Rc8 22. Qf3 Rxc3 23. bxc3 Qe8 24. Qg4 Bf8 25. h4 Nb8 26. Nc4 Nd7 27. Nd6 Bxd6
28. Bxd6 Nf6 29. Qf4 Ne4 30. Bxe4 dxe4 31. Kh2 Qb5 32. Qe3 Qd5 33. Bf4 Qxa2 34.
Qd2 Qd5 35. Qb2 Ba6 36. Bb8 Qb7 37. Qa2 Bxe2 38. Qxa7 Qd5 39. Qa1 e3 40. fxe3
Qf3 41. Qe1 Bd3 42. Qh1 Qxe3 43. Bf4 Qe2+ 44. Qg2 Qe1 45. Qd2 Qf1 46. Qg2 Qb1
47. Qd2 Be4 48. Qc1 Qb5 49. Qe1 Bb7 50. Bd2 Qd5 51. Qf1 Qe4 52. Be1 b5 53. Kh3
Bc6 54. g4 Qe3+ 55. Kh2 Bf3 56. Qf2 Qxf2+ 0-1

[Event "Tradewise Gibraltar Masters 16th"]
[Site "Gibraltar"]
[Date "2018.01.24"]
[Round "2.15"]
[White "Sethuraman, SP."]
[Black "Cernousek, Lukas"]
[Result "1-0"]
[WhiteElo "2646"]
[BlackElo "2468"]
[PlyCount "101"]
[EventDate "2018.01.23"]
[EventType "swiss"]
[EventRounds "10"]
[EventCountry "GGB"]
[SourceTitle "BritBase"]
[Source "www.saund.co.uk"]
[SourceDate "2018.02.10"]
[SourceVersion "1"]
[SourceVersionDate "2018.02.10"]
[SourceQuality "1"]

1. e4 e5 2. Nf3 Nf6 3. Nxe5 d6 4. Nf3 Nxe4 5. Nc3 Nxc3 6. dxc3 Be7 7. Be3 Nc6
8. Qd2 Be6 9. O-O-O Qd7 10. Kb1 Bf6 11. h4 h6 12. Be2 Bg4 13. Nd4 Bxe2 14. Nxe2
O-O-O 15. Nf4 Rhe8 16. Nd5 Qf5 17. f3 Ne7 18. Nf4 h5 19. Ne2 d5 20. Ng3 Qg6 21.
Bg5 Be5 22. f4 Bd6 23. f5 Qh7 24. Bxe7 Rxe7 25. Qxd5 Red7 26. Qf3 Bxg3 27. Rxd7
Rxd7 28. Qxg3 Qxf5 29. Qxg7 Rd2 30. Qf8+ Kd7 31. Rc1 a5 32. Qa8 Kc6 33. Qe8+
Qd7 34. Qe3 b6 35. g3 Kb7 36. Qf3+ Qd5 37. Qxd5+ Rxd5 38. Rf1 Rd2 39. b3 Rg2
40. Rf3 a4 41. bxa4 Kc8 42. Kb2 Kd8 43. c4 Ke7 44. c5 Re2 45. cxb6 cxb6 46. Rf5
Re3 47. Rb5 Rxg3 48. Rxb6 f5 49. a5 f4 50. a6 Rg8 51. Rb4 1-0

[Event "Tradewise Gibraltar Masters 16th"]
[Site "Gibraltar"]
[Date "2018.01.24"]
[Round "2.16"]
[White "Saduakassova, Dinara"]
[Black "Banusz, Tamas"]
[Result "1-0"]
[WhiteElo "2470"]
[BlackElo "2641"]
[PlyCount "83"]
[EventDate "2018.01.23"]
[EventType "swiss"]
[EventRounds "10"]
[EventCountry "GGB"]
[SourceTitle "BritBase"]
[Source "www.saund.co.uk"]
[SourceDate "2018.02.10"]
[SourceVersion "1"]
[SourceVersionDate "2018.02.10"]
[SourceQuality "1"]

1. d4 d5 2. c4 e6 3. Nc3 c6 4. e3 f5 5. Bd3 Bd6 6. Nf3 Nf6 7. O-O O-O 8. b3 Ne4
9. Ne2 Qe7 10. Bb2 b6 11. Ne5 Bb7 12. Rc1 c5 13. Nf4 Nf6 14. Qe2 a5 15. cxd5
Bxe5 16. dxe5 Nxd5 17. Rfd1 Nc6 18. Nh5 Ncb4 19. Bb1 Qg5 20. f4 Qg6 21. a3 Na6
22. e4 fxe4 23. Bxe4 Nxf4 24. Nxf4 Qxe4 25. Qxe4 Bxe4 26. Nxe6 Rfe8 27. Rd6
Rab8 28. Ng5 Bg6 29. Rcd1 Bh5 30. Rd7 Bxd1 31. e6 Bc2 32. Rxg7+ Kf8 33. Rf7+
Kg8 34. Rg7+ Kf8 35. Rf7+ Kg8 36. e7 Rxe7 37. Rxe7 Bxb3 38. Nxh7 Bf7 39. Ng5
Rf8 40. h4 Nb8 41. h5 Nc6 42. h6 1-0

[Event "Tradewise Gibraltar Masters 16th"]
[Site "Gibraltar"]
[Date "2018.01.24"]
[Round "2.17"]
[White "Dragnev, Valentin"]
[Black "Georgiev, Kiril"]
[Result "1-0"]
[WhiteElo "2466"]
[BlackElo "2623"]
[PlyCount "97"]
[EventDate "2018.01.23"]
[EventType "swiss"]
[EventRounds "10"]
[EventCountry "GGB"]
[SourceTitle "BritBase"]
[Source "www.saund.co.uk"]
[SourceDate "2018.02.10"]
[SourceVersion "1"]
[SourceVersionDate "2018.02.10"]
[SourceQuality "1"]

1. d4 Nf6 2. c4 e6 3. Nc3 Bb4 4. e3 O-O 5. Nf3 b6 6. Bd2 Bb7 7. Bd3 d5 8. cxd5
exd5 9. O-O a6 10. Ne5 c5 11. Qf3 Nc6 12. Qh3 Nxe5 13. dxe5 Ne4 14. Rad1 Qe7
15. f3 Ng5 16. Qg3 Rad8 17. e4 Ne6 18. Nxd5 Bxd5 19. exd5 Rxd5 20. Bxb4 Rfd8
21. Bxh7+ Kxh7 22. Rxd5 Rxd5 23. Bc3 Nd4 24. Re1 Qe6 25. Qh4+ Kg8 26. Qe4 b5
27. a3 g6 28. f4 Rd8 29. Rd1 Qb6 30. Kh1 a5 31. g4 b4 32. axb4 axb4 33. Bxd4
Rxd4 34. Rxd4 cxd4 35. Kg2 Kg7 36. f5 gxf5 37. gxf5 Qd8 38. f6+ Kf8 39. Kf1 Qc8
40. Qxd4 Qh3+ 41. Ke1 Ke8 42. Qc5 Qh4+ 43. Kd1 Qg4+ 44. Kc2 Qg6+ 45. Kb3 Kd7
46. Qd6+ Kc8 47. e6 fxe6 48. Qf8+ Kc7 49. Qg7+ 1-0

[Event "Tradewise Gibraltar Masters 16th"]
[Site "Gibraltar"]
[Date "2018.01.24"]
[Round "2.18"]
[White "Edouard, Romain"]
[Black "Larino Nieto, David"]
[Result "1-0"]
[WhiteElo "2613"]
[BlackElo "2464"]
[PlyCount "77"]
[EventDate "2018.01.23"]
[EventType "swiss"]
[EventRounds "10"]
[EventCountry "GGB"]
[SourceTitle "BritBase"]
[Source "www.saund.co.uk"]
[SourceDate "2018.02.10"]
[SourceVersion "1"]
[SourceVersionDate "2018.02.10"]
[SourceQuality "1"]

1. Nf3 e6 2. c4 g5 3. h3 d6 4. d4 h6 5. e4 Bg7 6. Nc3 Ne7 7. Bd3 Nd7 8. Be3 b6
9. Qe2 Bb7 10. O-O-O a6 11. h4 g4 12. Nd2 h5 13. f3 c5 14. Nb3 cxd4 15. Bxd4
Bxd4 16. Nxd4 Ng6 17. Qe3 Nxh4 18. Nf5 exf5 19. exf5+ Ne5 20. Be4 Nxg2 21. Qd2
Nxf3 22. Qxg2 Qg5+ 23. Kb1 Bxe4+ 24. Nxe4 Qxf5 25. Qc2 Kf8 26. Rd5 Qf4 27. Nxd6
Rd8 28. Rhd1 Rh6 29. Nf5 Re8 30. Qc3 Rh7 31. Ka1 Ne5 32. Qb4+ Kg8 33. Qe7 Qxf5
34. Qxe8+ Kg7 35. Rxe5 Qf4 36. Re4 Qf6 37. Ree1 g3 38. Qe3 h4 39. Rf1 1-0

[Event "Tradewise Gibraltar Masters 16th"]
[Site "Gibraltar"]
[Date "2018.01.24"]
[Round "2.19"]
[White "Paehtz, Elisabeth"]
[Black "Gledura, Benjamin"]
[Result "0-1"]
[WhiteElo "2464"]
[BlackElo "2612"]
[PlyCount "110"]
[EventDate "2018.01.23"]
[EventType "swiss"]
[EventRounds "10"]
[EventCountry "GGB"]
[SourceTitle "BritBase"]
[Source "www.saund.co.uk"]
[SourceDate "2018.02.10"]
[SourceVersion "1"]
[SourceVersionDate "2018.02.10"]
[SourceQuality "1"]

1. e4 e5 2. Nf3 Nc6 3. Bb5 a6 4. Ba4 Nf6 5. O-O Be7 6. Re1 b5 7. Bb3 O-O 8. c3
d6 9. h3 Nb8 10. d4 Nbd7 11. c4 c6 12. a3 Bb7 13. Nc3 Rc8 14. cxb5 cxb5 15. Bg5
h6 16. dxe5 dxe5 17. Bxf6 Bxf6 18. Bd5 Bxd5 19. Nxd5 Nb6 20. Nxb6 Qxb6 21. Qb3
Rc4 22. Rac1 Rfc8 23. Rxc4 Rxc4 24. Nd2 Rc8 25. Nf3 Rc4 26. Nd2 Qa5 27. Rd1 Rd4
28. Nf3 Rc4 29. Nd2 Qa4 30. Qxa4 Rxa4 31. Rc1 Bg5 32. Rc8+ Kh7 33. Nf3 Rxe4 34.
Rc6 Bf6 35. b4 Re2 36. Nh2 e4 37. Ng4 Re1+ 38. Kh2 Bd4 39. Rd6 Rd1 40. g3 Rd3
41. Rxa6 f5 42. Ne3 Bxe3 43. fxe3 Rxe3 44. Ra5 Kg6 45. h4 Kh5 46. Kh3 f4 47.
Rxb5+ g5 48. hxg5 Rxg3+ 49. Kh2 hxg5 50. a4 Ra3 51. a5 Kg4 52. Re5 e3 53. Re6
Ra2+ 54. Kg1 Kg3 55. Kf1 Kf3 0-1

[Event "Tradewise Gibraltar Masters 16th"]
[Site "Gibraltar"]
[Date "2018.01.24"]
[Round "2.20"]
[White "Gupta, Abhijeet"]
[Black "Lou, Yiping"]
[Result "1/2-1/2"]
[WhiteElo "2610"]
[BlackElo "2462"]
[PlyCount "110"]
[EventDate "2018.01.23"]
[EventType "swiss"]
[EventRounds "10"]
[EventCountry "GGB"]
[SourceTitle "BritBase"]
[Source "www.saund.co.uk"]
[SourceDate "2018.02.10"]
[SourceVersion "1"]
[SourceVersionDate "2018.02.10"]
[SourceQuality "1"]

1. d4 d5 2. c4 e6 3. Nf3 Nf6 4. g3 dxc4 5. Bg2 c5 6. O-O Nc6 7. Qa4 Bd7 8. Qxc4
b5 9. Qd3 c4 10. Qc2 Rc8 11. e4 Be7 12. Qe2 O-O 13. Rd1 Re8 14. Ne5 h6 15. Be3
Qc7 16. Nxd7 Qxd7 17. a4 bxa4 18. Nc3 a3 19. bxa3 Na5 20. Bh3 Qb7 21. d5 Bf8
22. Rab1 Nb3 23. Qc2 Bxa3 24. dxe6 fxe6 25. e5 Nh7 26. Bg2 Qb8 27. Qe4 Bb4 28.
Ne2 Bc5 29. Bxh6 gxh6 30. Rd7 Re7 31. Qg6+ Kh8 32. Rxe7 Bxe7 33. Qxe6 Rc7 34.
Bd5 Qc8 35. Qg6 Bg5 36. h4 Bxh4 37. Nf4 Bg5 38. Nh5 Re7 39. Bf7 Rxf7 40. Qxf7
Qg8 41. Qxa7 Nf8 42. Nf6 Qg7 43. Qxg7+ Kxg7 44. Ne4 Nd2 45. Rb7+ Kg6 46. Rb6+
Kg7 47. Rb7+ Kg6 48. Nc3 Nf3+ 49. Kg2 Ne1+ 50. Kf1 Nf3 51. Ke2 Nd4+ 52. Kd1 Nf3
53. Rc7 Nxe5 54. f4 Ne6 55. Rc8 Nxf4 1/2-1/2

[Event "Tradewise Gibraltar Masters 16th"]
[Site "Gibraltar"]
[Date "2018.01.24"]
[Round "2.21"]
[White "Oparin, Grigoriy"]
[Black "Yankelevich, Lev"]
[Result "1-0"]
[WhiteElo "2607"]
[BlackElo "2456"]
[PlyCount "97"]
[EventDate "2018.01.23"]
[EventType "swiss"]
[EventRounds "10"]
[EventCountry "GGB"]
[SourceTitle "BritBase"]
[Source "www.saund.co.uk"]
[SourceDate "2018.02.10"]
[SourceVersion "1"]
[SourceVersionDate "2018.02.10"]
[SourceQuality "1"]

1. c4 e5 2. Nc3 Nf6 3. Nf3 Nc6 4. e3 Bb4 5. Qc2 Bxc3 6. bxc3 d6 7. e4 O-O 8. g3
Nd7 9. Nh4 Nc5 10. Bg2 a6 11. O-O Be6 12. d3 b5 13. cxb5 axb5 14. Be3 Ra4 15.
Rfb1 Qd7 16. Rxb5 Rfa8 17. Rb2 Ra3 18. d4 Na4 19. d5 Nxb2 20. Qxb2 Nd8 21. dxe6
Qxe6 22. Nf5 Rxa2 23. Rxa2 Qxa2 24. Qb5 Qa4 25. Qe2 Qa1+ 26. Bf1 Ne6 27. Qg4
Kh8 28. c4 Qe1 29. Bh6 gxh6 30. Qh4 Ng7 31. Qf6 Rg8 32. Nxh6 Ra8 33. Qxf7 Nh5
34. Qxh5 Rf8 35. Qe2 Qxe2 36. Bxe2 Kg7 37. Nf5+ Kf6 38. Ne3 c6 39. Kg2 Ra8 40.
Bg4 Ra2 41. Bd7 c5 42. h4 Rd2 43. Kf3 Kg6 44. Be6 Kf6 45. Bd5 Ra2 46. Nf5 Ra6
47. Kg4 Rb6 48. Kh5 Rb2 49. g4 1-0

[Event "Tradewise Gibraltar Masters 16th"]
[Site "Gibraltar"]
[Date "2018.01.24"]
[Round "2.22"]
[White "Prasanna, Raghuram Rao"]
[Black "Papp, Gabor"]
[Result "0-1"]
[WhiteElo "2458"]
[BlackElo "2607"]
[PlyCount "86"]
[EventDate "2018.01.23"]
[EventType "swiss"]
[EventRounds "10"]
[EventCountry "GGB"]
[SourceTitle "BritBase"]
[Source "www.saund.co.uk"]
[SourceDate "2018.02.10"]
[SourceVersion "1"]
[SourceVersionDate "2018.02.10"]
[SourceQuality "1"]

1. d4 Nf6 2. c4 e6 3. g3 c5 4. Nf3 cxd4 5. Nxd4 d5 6. Bg2 e5 7. Nf3 d4 8. O-O
Nc6 9. e3 Be7 10. exd4 exd4 11. Bf4 O-O 12. Ne5 Qb6 13. Nd2 Nxe5 14. Bxe5 Ng4
15. Bf4 g5 16. Re1 gxf4 17. Rxe7 fxg3 18. hxg3 Nxf2 19. Qh5 Ng4 20. Rf1 Qg6 21.
Qh4 Bf5 22. Rf4 h5 23. Be4 Bxe4 24. Nxe4 f6 25. Re6 Kg7 26. Nd6 Rad8 27. Nf5+
Kh8 28. Ne7 Qb1+ 29. Rf1 Qh7 30. Rf5 Kg7 31. Re1 Rh8 32. Re4 Kf7 33. Qh1 Rd7
34. Qf3 Rxe7 35. Rxe7+ Kxe7 36. Qxb7+ Kf8 37. Qa8+ Kg7 38. Qb7+ Kh6 39. Qe4 Qc7
40. Qf3 Rg8 41. Rf4 Qe5 42. Re4 Qg5 43. Rxd4 Ne5 0-1

[Event "Tradewise Gibraltar Masters 16th"]
[Site "Gibraltar"]
[Date "2018.01.24"]
[Round "2.23"]
[White "Cramling, Pia"]
[Black "Svane, Rasmus"]
[Result "1/2-1/2"]
[WhiteElo "2449"]
[BlackElo "2595"]
[PlyCount "233"]
[EventDate "2018.01.23"]
[EventType "swiss"]
[EventRounds "10"]
[EventCountry "GGB"]
[SourceTitle "BritBase"]
[Source "www.saund.co.uk"]
[SourceDate "2018.02.10"]
[SourceVersion "1"]
[SourceVersionDate "2018.02.10"]
[SourceQuality "1"]

1. Nf3 d5 2. d4 Nf6 3. c4 e6 4. g3 Bb4+ 5. Bd2 Bd6 6. Bg2 c6 7. Qc2 Nbd7 8. O-O
O-O 9. Bg5 h6 10. Bxf6 Nxf6 11. Nbd2 b6 12. e4 Nxe4 13. Nxe4 dxe4 14. Qxe4 Ba6
15. Ne5 Qc7 16. Qxc6 Bxe5 17. dxe5 Qxc6 18. Bxc6 Rac8 19. Bf3 Rxc4 20. Rfc1
Rfc8 21. Rxc4 Rxc4 22. Rd1 g6 23. Be2 Ra4 24. Bxa6 Rxa6 25. a3 g5 26. Kg2 Ra5
27. f4 Rc5 28. Rd2 Kg7 29. Kf3 Kg6 30. Ke3 Rc4 31. fxg5 hxg5 32. Rf2 a5 33.
Rf6+ Kg7 34. Rf2 Kg6 35. Rf6+ Kg7 36. Rf2 Rc5 37. Kd4 Rc1 38. Ke4 b5 39. Kd4
Rd1+ 40. Ke4 Re1+ 41. Kd4 Rc1 42. Ke4 b4 43. axb4 Rc4+ 44. Kd3 Rxb4 45. Ke3 Rb5
46. Ke4 a4 47. Kd4 Rd5+ 48. Ke4 Rd1 49. Ke3 Rd5 50. Ke4 Rc5 51. Kd4 Rb5 52. Ke4
Rb7 53. Kd4 Kg6 54. Kc5 Rb3 55. Kd4 a3 56. bxa3 Rxa3 57. Rf6+ Kg7 58. Rf2 Ra7
59. Ke4 Ra1 60. Ke3 Rb1 61. Ke4 Kg8 62. Kd3 Re1 63. Kd4 Kg7 64. Ra2 Rf1 65. Ke4
Kg6 66. Ra8 Re1+ 67. Kd4 Kg7 68. Ra2 Rf1 69. Ke4 Kh7 70. Rb2 Kh6 71. Rb8 Rf2
72. Rh8+ Kg7 73. Rh5 Kg6 74. Rh8 Re2+ 75. Kd4 Kf5 76. Rh7 Kg6 77. Rh8 Kf5 78.
Rh7 Rd2+ 79. Ke3 Rd7 80. Rg7 g4 81. Kf2 Ra7 82. Kg2 Kxe5 83. Rxg4 Ra2+ 84. Kg1
Ra1+ 85. Kg2 Ra2+ 86. Kg1 f5 87. Rf4 Kf6 88. Rf2 Ra1+ 89. Kg2 e5 90. Re2 Ra4
91. Kf3 Ra3+ 92. Re3 Ra2 93. Re2 e4+ 94. Kf2 Ra4 95. Rb2 Ra5 96. Ke3 Ke5 97.
Rb3 Ra2 98. Rb5+ Kf6 99. Rb6+ Kf7 100. Kf4 Rf2+ 101. Kg5 e3 102. Rb1 Ke6 103.
h4 e2 104. Re1 Ke5 105. h5 Ke4 106. h6 Rh2 107. h7 Kf3 108. Kxf5 Rxh7 109. g4
Kf2 110. Rxe2+ Kxe2 111. g5 Rh5 112. Kf6 Kf3 113. g6 Kf4 114. g7 Rf5+ 115. Kg6
Rg5+ 116. Kf7 Rxg7+ 117. Kxg7 1/2-1/2

[Event "Tradewise Gibraltar Masters 16th"]
[Site "Gibraltar"]
[Date "2018.01.24"]
[Round "2.24"]
[White "Grinberg, Eyal"]
[Black "Antipov, Mikhail Al"]
[Result "0-1"]
[WhiteElo "2448"]
[BlackElo "2588"]
[PlyCount "166"]
[EventDate "2018.01.23"]
[EventType "swiss"]
[EventRounds "10"]
[EventCountry "GGB"]
[SourceTitle "BritBase"]
[Source "www.saund.co.uk"]
[SourceDate "2018.02.10"]
[SourceVersion "1"]
[SourceVersionDate "2018.02.10"]
[SourceQuality "1"]

1. e4 c5 2. Nf3 e6 3. d4 cxd4 4. Nxd4 Nc6 5. Nc3 Qc7 6. Be3 a6 7. Qf3 Nf6 8.
O-O-O Bb4 9. Nxc6 bxc6 10. Bd4 d5 11. exd5 cxd5 12. Bd3 Bb7 13. Qg3 Qxg3 14.
hxg3 Rc8 15. Na4 Ke7 16. a3 Bd6 17. b4 a5 18. Nc5 Bc6 19. c3 Nd7 20. Bxg7 Nxc5
21. bxc5 Bxc5 22. Bxh8 Rxh8 23. Rd2 Rb8 24. Ra2 e5 25. a4 d4 26. cxd4 Bxd4 27.
Bb5 Bxg2 28. Rxh7 Rc8+ 29. Kd1 Bf3+ 30. Be2 Bd5 31. Ra3 Bxf2 32. Rh6 Be6 33.
Rh5 Bd4 34. Kd2 Bb2 35. Rf3 Bc1+ 36. Ke1 e4 37. Rf1 Be3 38. Re5 Rc1+ 39. Bd1
Rc4 40. Ke2 Bh6 41. Rh1 Bg7 42. Rxa5 Rb4 43. Ra7+ Kd6 44. Ra6+ Ke7 45. Ra7+ Kd6
46. Ra8 Bd4 47. Rh6 Rb2+ 48. Kf1 Rb1 49. Ke2 Kd7 50. Rxe6 Rb2+ 51. Kf1 Rf2+ 52.
Ke1 fxe6 53. Rb8 Rg2 54. Rb3 Rg1+ 55. Ke2 Kd6 56. a5 Rg2+ 57. Kf1 Rf2+ 58. Ke1
Ra2 59. Bg4 Rxa5 60. Rb1 Rg5 61. Be2 Rxg3 62. Rb8 Ke5 63. Re8 Rg1+ 64. Kd2 Rg2
65. Rh8 Bc5 66. Re8 Bb6 67. Ra8 Rg7 68. Ra6 Rd7+ 69. Ke1 Rd6 70. Bb5 Kf4 71.
Bf1 e5 72. Bb5 Rh6 73. Bf1 Kf3 74. Be2+ Kg3 75. Ra3+ Kf4 76. Ra6 Rh1+ 77. Bf1
Bc5 78. Rg6 Kf3 79. Rf6+ Ke3 80. Rf7 Bb6 81. Rf6 Bd8 82. Rf5 Bh4+ 83. Kd1 Bf2
0-1

[Event "Tradewise Gibraltar Masters 16th"]
[Site "Gibraltar"]
[Date "2018.01.24"]
[Round "2.25"]
[White "Buhmann, Rainer"]
[Black "Esserman, Marc"]
[Result "1-0"]
[WhiteElo "2587"]
[BlackElo "2446"]
[PlyCount "99"]
[EventDate "2018.01.23"]
[EventType "swiss"]
[EventRounds "10"]
[EventCountry "GGB"]
[SourceTitle "BritBase"]
[Source "www.saund.co.uk"]
[SourceDate "2018.02.10"]
[SourceVersion "1"]
[SourceVersionDate "2018.02.10"]
[SourceQuality "1"]

1. d4 d5 2. c4 c6 3. Nf3 Nf6 4. e3 e6 5. Nbd2 Nbd7 6. Bd3 Bd6 7. O-O O-O 8. e4
e5 9. cxd5 cxd5 10. Re1 h6 11. exd5 exd4 12. Ne4 Nb6 13. h3 Bb4 14. Nxf6+ Qxf6
15. Re4 Bc5 16. Qb3 Qd6 17. Re5 Bd7 18. a4 Rfe8 19. Rh5 g6 20. Rxh6 Qxd5 21.
Qd1 Bf8 22. Rh4 Bg7 23. b3 a5 24. Bb2 Bc6 25. Bxd4 Bxd4 26. Rxd4 Qc5 27. Qc1
Qxc1+ 28. Rxc1 Bxf3 29. gxf3 Rac8 30. Rxc8 Rxc8 31. Rd6 Rc6 32. Rxc6 bxc6 33.
Kf1 Kf8 34. Ke2 Ke7 35. Ke3 c5 36. Ke4 Ke6 37. Bc4+ Ke7 38. Ke5 f6+ 39. Ke4 Kf8
40. f4 Kg7 41. h4 Kh6 42. Bf7 Kg7 43. Be8 Kh6 44. Bf7 Kg7 45. Bc4 Kh6 46. Be2
Kg7 47. f5 g5 48. hxg5 Kf7 49. Bc4+ Ke7 50. f4 1-0